BIBLIOTECA PODER JUDICIAL
Portal Judicial TDF

Manual de ciencia política / (Registro nro. 361)

000 -LEADER
fixed length control field 01364nam a22002537a 4500
003 - CONTROL NUMBER IDENTIFIER
control field OSt
005 - DATE AND TIME OF LATEST TRANSACTION
control field 20181206094656.0
008 - FIXED-LENGTH DATA ELEMENTS--GENERAL INFORMATION
fixed length control field 180320b xxu||||| |||| 00| 0 spa d
020 ## - INTERNATIONAL STANDARD BOOK NUMBER
International Standard Book Number 8420681253
040 ## - CATALOGING SOURCE
Transcribing agency PJ
245 10 - MENCIÓN DE TÍTULO
Título propiamente dicho Manual de ciencia política /
Mención de responsabilidad, etc compilación de Gianfranco Pasquino ; versión española de Pilar Chávarri.
260 ## - PUBLICATION, DISTRIBUTION, ETC. (IMPRINT)
Place of publication, distribution, etc Madrid :
Name of publisher, distributor, etc Alianza,
Date of publication, distribution, etc 1986.
300 ## - DESCRIPCION FISICA
Extent 480 p.
Dimensions 23 cm.
490 ## - MENCION DE SERIE
Mención de Serie Alianza Universidad
Designación numérica/secuencial del volumen 125
500 ## - NOTA GENERAL
General note Bibliografía al final de cada capítulo.
505 ## - FORMATTED CONTENTS NOTE
Formatted contents note Contenido:<br/>I. Naturaleza y evolución de la disciplina -- II. Metodología de la investigación política -- III. Las democracias, por Leonardo Morlino -- IV. Los autoritarismos, por Leonardo Morlino -- V. Participación política, grupos y movimientos, por Gianfranco Pasquino -- VI.Partidos y sistemas de partidos, por Stefano Bartolini -- VII. Parlamentos y repretanción, por Maurizio Cotta -- VIII. Los gobiernos, por Maurizio Cotta -- IX.Las burocracias públicas, por Angelo Panebianco -- X. La dimensión internacional de los procesos políticos, por Angelo Panebianco.
650 #0 - ASIENTO SECUNDARIO DE MATERIA - TERMINO TEMATICO
9 (RLIN) 348
Topical term or geographic name as entry element CIENCIAS POLITICAS
700 ## - ADDED ENTRY--PERSONAL NAME
9 (RLIN) 420
Personal name Pasquino, Gianfranco
Relator term compilador
700 ## - ADDED ENTRY--PERSONAL NAME
9 (RLIN) 421
Personal name Bartolini, Stefano
700 ## - ADDED ENTRY--PERSONAL NAME
9 (RLIN) 422
Personal name Cotta, Maurizio
700 ## - ADDED ENTRY--PERSONAL NAME
9 (RLIN) 423
Personal name Morlino, Leonardo
700 ## - ADDED ENTRY--PERSONAL NAME
9 (RLIN) 424
Personal name Panebianco, Angelo
942 ## - ADDED ENTRY ELEMENTS (KOHA)
Source of classification or shelving scheme
Koha item type Libros
Existencias
Withdrawn status Lost status Source of classification or shelving scheme Damaged status Not for loan Permanent Location Current Location Date acquired Full call number Barcode Date last seen Price effective from Koha item type
          Biblioteca Poder Judicial Sur Biblioteca Poder Judicial Sur 2018-04-28 32(035) MAN 1710 2018-04-28 2018-04-28 Libros

12 de Octubre 789 Ushuaia - Tel:  54(02901)441571
Horario de Atención: 8.00 a 17.00 hs. 
bibliotecaush@justierradelfuego.gov.ar
koha@justierradelfuego.gov.ar
Seguinos en nuestras redes @bibliojustdf 

Con tecnología Koha